000 00614nam a2200241 a 4500
001 nice12345678
003 IN_TiNIC
005 20260116012328.0
008 050524s1976 nora grp 000 0 eng
020 _a
_c170
082 0 0 _a297.4
_bBUR2
100 _aBurckhardt, Titus
245 _aIntroduction to Sufism
_b the Mystical Dimension of Islam
260 _aNorthamtonshire
_bAcquarian Press
_c1976
300 _a126p
500 _aincludes index and biblioraphy
505 2 _aIndex
650 _aSufism-Doctrines
700 1 _aBurckhardt, Titus
902 _bSRS
942 _cBK
999 _c6581
_d6581